| 000 | 01465cam a22004214i 4500 | ||
|---|---|---|---|
| 003 | PE-LiUPU | ||
| 005 | 20250731173208.0 | ||
| 008 | 150625s1983 sp r 000 0 spa d | ||
| 035 | _a(Sirsi) a31588 | ||
| 040 |
_aPE-LiUPU _bspa _cPE-LiUPU _erda |
||
| 049 | _aPRUA | ||
| 082 | 0 | 4 |
_a220.63 _bBEB _221 |
| 100 | 1 |
_aBrown, Raymond E., _eautor. |
|
| 245 | 1 | 3 |
_aLa Comunidad del Discipulo Amado. _n43 / _cRaymond E. Brown. |
| 264 | 1 |
_aSalamanca : _bEdiciones Sigueme, _c1983. |
|
| 300 |
_a203 páginas ; _c21 centímetros |
||
| 336 |
_atext _2rdacontent |
||
| 337 |
_aunmediated _2rdamedia |
||
| 338 |
_avolume _2rdacarrier |
||
| 505 | 0 | _aAntes del evangelio -- Cuando se escribio el evangelio -- Cuando se escribieron las cartas -- Despues de las cartas -- Cuadros sintetizadores. | |
| 526 | _aSEG42 | ||
| 526 | _aSEG41 | ||
| 526 | _aSEG40 | ||
| 526 | _aSEG39 | ||
| 526 | _aP94 | ||
| 526 | _aP87 | ||
| 526 | _aP86 | ||
| 526 | _aP85 | ||
| 526 | _aP77 | ||
| 526 | _aP76 | ||
| 526 | _aP35 | ||
| 942 |
_2ddc _cBOOK |
||
| 949 |
_a220.63 BEB 43 _wDEWEY _c1 _i37100 _lCCODEBUL1 _mBUL _p00.00 _r0 _sY _tBOOK _u2015-06-25 _xBIBLIOTECA _zUNKNOWN _0COMPRA _o.STAFF. Colección General |
||
| 994 |
_aC0 _bPEPRU |
||
| 596 | _a1 | ||
| 999 |
_a220.63 BEB 43 _wDEWEY _c39153 _i37100 _f2021-11-11 _g5 _lCCODEBUL1 _mBUL _p20.00 _r0 _sY _tBOOK _u2015-6-25 _xTEOLOGIA _PP35 _0COMPRA _o.STAFF. Colección Teología _d39153 |
||
| 980 |
_81 _gALBERTO SANCHEZ Responsable de Automatización |
||